00630nam a2200193Ia 450000500170000000800410001702000150005808200160007310000250008924501040011426000490021830000120026765000130027965000130029265000120030594200060031795200980032399900150042120250214041103.0240331s9999 xx 000 0 und d a9559102060 bGUNa954.93 aGunawardana, R.A.L.H 0aHistoriography in a time of ethnic conflict :b construction of the past in contemporary Sri Lanka aColombobSocial Scientists Associationc1995 a69 p ., aPolitics aCultural aHistory cL 001040708LaWERCLbWERCLcSSCd2024-03-31l0o 954.93 GUNp4053r2024-03-31w2024-03-31yL c3480d3480